000 00806cab a2200229 4500
001 ABS41736
008 090401t1989 xxu||||| |||| 00| 0 eng d
035 _a(Sirsi) u32135
041 _aeng
100 _aLavers, A.P.
245 _aInterpretation of findings by surveyors in reporting to clients
260 _c1989
350 _a0
490 _aStructural Survey
_v8(2) Autumn 1989, 126-129(4)
520 _aWith reference to case law, this article discusses the duty of structural surveyors to interpret their findings in report ing to clients. References.
650 _aDUTY OF CARE
650 _aINTERPRETATION
650 _aBUILT ENVIRONMENT-BUILDING SURVEYING-STRUCTURAL SURVEYING
690 _aMANAGEMENT-BUSINESS MANAGEMENT-PROFESSIONAL PRACTICE
942 _n0
948 _c04/03/1997
999 _c21568
_d21568